Can you guess the badly described films? - Statistics

General Stats
  • This quiz has been taken 105 times
  • The average score is 9 of 28
Answer Stats
Hint Answer % Correct
Iceberg was chilling until it got into a fight with a boat. Some people drowned. Titanic
97%
A borderline offender's food production location brings 5 children in for a tour. A fat kid drowns in brown stuff. Charlie and The Chocolate Factory
85%
A fish with mental problems tries to find its parents. Finding Dory
77%
A massively overrun trilogy which involves returning some unwanted jewellry. Lord Of The Rings
73%
A childs father, who is also a lion dies, and he does an average job of living up to his legacy. The Lion King
68%
A girl escapes her homeland (where she is a princess) who are in desperate need of food because the sea is 'calling' her. Moana
64%
Italian family get killed one by one and act as gangsters. The Godfather
61%
Two people end up killing themselves instead of simply checking each others pulses when they think the other is dead. A poor example of the modern uses of medicine, and an even poorer representation of love (if you ask me). Romeo and Juliet
60%
Some white guy with a weird name chokes in a rap battle. 8 Mile
57%
A guy with a huge ego and a large scar down his face ends up getting shot a lot. Scarface
33%
Some bloke is cursed and has to say 'Yes' 24/7 Yes Man
33%
Some guy learns the ways of a sceptical power and kisses his sister. Star Wars
31%
A man lives in a world which isn't a world but is a smaller world that can be watched by the real world but he thinks it is the real world when it's not quite the real world but it still kind of is the real world. The Truman Show
31%
Some voodoo shit occurs on a child and suddenly he becomes a grown man who is sleeping with a woman who is, technically, a pedophile. Big
24%
Annoying dog dies, whole family is broken. Marley and Me
24%
A woman sniffs heroin by accident, and a 'boxer' who couldn't look less like a boxer kills someone in the ring. Pulp Fiction
21%
A bunny plays the drums and is voiced by some annoying english guy. Hop
20%
A family of mutated 'heroes' fight a guy who was, in reality, a genius because they don't want others sharing their weird powers The Incredibles
20%
A girl gets preggers and drinks lots of orange juice. Juno
13%
Man gets a pet who really shouldn't be his pet because its a massive terrifying wild animal, the animal then gets released into the wild and they realise it can f*cking talk because apparently thats realistic nowadays. Rise Of The Planet Of The Apes
9%
2 old guys go and try to work at some massive tech company without knowing jack sh*t about tech, and apparently end up landing a job there. The Internship
9%
Some guy tries to kill himself but then realise that actually his life is incredible. It's A Wonderful Life
8%
A child tries to befriend another child, and they both end up being tragically slaughtered in a gas chamber. The Boy In Striped Pyjamas
7%
A twisted kid shoots his school with a bow and arrow. We need to talk about Kevin
7%
A bloke gets imprisoned, ends up playing a bit of (american) football, almost gets shot at one point The Longest Yard
5%
A poor guy gets an internship with loads of rich guys to try and pay for his son's basic health requirements. The Pursuit of Happyness
4%
Twins go and essentially slaughter most of London, before the leader realises the error of his ways when he realises that beating his wife is actually quite bad. Legend
3%
A very toxic relationship is apparently considered romantic and perfect, and the woman ends up cheating to try and reignite this toxic relationship. The Notebook
3%
No matching quizzes found
Score Distribution
Percent of People with Each Score
Percentile by Number Answered
Your Score History
You have not taken this quiz